000 00512nam a2200181Ia 4500
003 GCL
008 140319s9999 xx 000 0 ara d
040 _aGCL /
_cGCL
082 0 4 _a539.7
_bم ا
100 1 _aمحمد فاروق احمد
245 1 0 _aاسس الفيزياء الاشعاعية /
_cمحمد فاروق احمد
700 1 _aاحمد محمد السريع
300 _a341 ص
490 _a
650 0 4 _aالفيزياء النووية
650 0 4 _aالاشعاعات
942 _2ddc
_cBK
999 _c41854
_d41854